Pamuk Üretiminde Lider 10 Ülke - Statistics

General Stats
  • This quiz has been taken 13 times
  • The average score is 5 of 10
Answer Stats
Ton Ülke % Correct
18.121.818 Çin
92%
2.750.000 Türkiye
92%
14.990.000 Hindistan
83%
8.468.691 Amerika Birleşik Devletleri
67%
2.409.642 Pakistan
50%
6.422.030 Brezilya
42%
3.500.680 Özbekistan
42%
1.115.510 Arjantin
25%
2.800.000 Avustralya
25%
1.201.421 Türkmenistan
17%
No matching quizzes found
Score Distribution
Percent of People with Each Score
Percentile by Number Answered
Your Score History
You have not taken this quiz